|
|
|
|
| LEADER |
00000nab a2200000 a 4500 |
| 001 |
vtls008985380 |
| 003 |
SK-MaSNL |
| 005 |
20260319071250.0 |
| 008 |
070502c2007 xo wr p 000 c0ukr |
| 015 |
|
|
|a SNBRB2007/05
|
| 038 |
|
|
|a SVKPOCL
|
| 040 |
|
|
|a SVKPO
|b slo
|c SVKPO
|e AACR2
|
| 041 |
0 |
|
|a ukr
|
| 044 |
|
|
|a xo
|c SK
|
| 080 |
|
|
|a 821.161 (437.6)-1=161
|2 2001
|
| 080 |
|
|
|a 398.332.41/.42
|2 2001
|
| 245 |
0 |
0 |
|a Do džerel narodnych
|c [perekazala Marija Čokyna]
|
| 500 |
|
|
|a Obsahuje 3 vinšovačky
|
| 650 |
0 |
7 |
|a vianočné zvyky
|2 svkpocl
|9 69817
|
| 650 |
0 |
7 |
|a rusínska literatúra
|z Slovensko
|2 svkpocl
|9 1032171
|
| 651 |
|
7 |
|a Ubľa (Slovensko)
|2 svkpocl
|9 51153
|
| 651 |
|
7 |
|a Snina (Slovensko : okres)
|2 svkpocl
|9 56337
|
| 655 |
|
7 |
|a ľudové vinšovačky, rusínske
|2 svkpocl
|9 1065456
|
| 655 |
|
7 |
|a príležitostné básne, rusínske
|2 svkpocl
|9 1065457
|
| 700 |
1 |
|
|a Čokinová, Mária,
|d 1947-
|4 nrt
|9 871779
|
| 740 |
0 |
2 |
|a Vinčovannja
|
| 740 |
0 |
2 |
|a Na mnohaja lita
|
| 740 |
0 |
2 |
|a Daj Vam, Bože, daj
|
| 773 |
0 |
|
|t Nove žyttja
|g Roč. 57, č. 1-2 (2007), s. 3
|
| 852 |
|
|
|a SVKPO
|b KIS3GCP
|
| 958 |
|
|
|a UK
|
| 958 |
|
|
|a SK
|
| 958 |
|
|
|a RN
|
| 999 |
|
|
|c 1751139
|d 1753069
|